Statistics for Ten Highest HDI Countries in Africa

Click here to take the quiz!

General Stats

  • This quiz has been taken 28,117 times
    (16,806 since last reset)
  • The average score is 7 of 10

Answer Stats

HDI Population Country % Correct
0.69957.7 milSouth Africa
97%
0.69697.7 milEgypt
95%
0.66734.8 milMorocco
91%
0.754 42.6 milAlgeria
84%
0.73511.4 milTunisia
80%
0.79794.2 kSeychelles
67%
0.7066.47 milLibya
64%
0.790 1.26 milMauritius
57%
0.7122.30 milBotswana
45%
0.7022.07 milGabon
30%

Score Distribution

Percentile by Number Answered

Percent of People with Each Score

Your Score History

You have not taken this quiz since the last reset